| 000 | nam a22 7a 4500 | ||
|---|---|---|---|
| 999 |
_c28004 _d28003 |
||
| 003 | OSt | ||
| 005 | 20170518104816.0 | ||
| 008 | 170516b xxu||||| |||| 00| 0 eng d | ||
| 020 | _a0071468609 | ||
| 040 |
_aMMU _beng _cMMU _dMMU |
||
| 050 | _aSB433.J638 2006 | ||
| 100 | _aJohns Rodney | ||
| 245 |
_aTips&Traps for growing and maintaining the perfect lawn/ _cRodneys Johns |
||
| 260 |
_aSingapore; _bMcgraw-Hill, _c2006. |
||
| 300 | _axi,204p.; | ||
| 650 | _agrowing and maintainaning the perfect lawn | ||
| 942 |
_2lcc _cLOAN LOAN |
||